Sumer /
El universo de las formas es una colección publicada por editorial Aguilar en veintiocho volúmenes, incompleta en biblioteca, que trata sobre las características y esplendor de las expresiones artísticas en diferentes lugares del mundo y en épocas históricas distintas. Cada uno viene ilustrado en su...
Uloženo v:
| Hlavní autor: | |
|---|---|
| Další autoři: | , |
| Médium: | Kniha |
| Jazyk: | španělština |
| Vydáno: |
Madrid, España :
Aguilar,
1961, c1961
|
| Vydání: | 2a edición |
| Edice: | (El Universo de las Formas)
|
| Témata: | |
| Tagy: |
Žádné tagy, Buďte první, kdo vytvoří štítek k tomuto záznamu!
|
MARC
| LEADER | 00000nam^a2200000^a^4500 | ||
|---|---|---|---|
| 001 | 000102995 | ||
| 005 | 20250521000000.0 | ||
| 009 | 20260310093333.752 | ||
| 037 | |a Acervo ITESO - Biblioteca | ||
| 041 | |a ESP | ||
| 082 | |a 709. |b UNI V. 2 | ||
| 100 | |a Parrot, André |e (autor) | ||
| 240 | 1 | 4 | |a [El universo de las formas] |
| 245 | 1 | 0 | |a Sumer / |c A. Parrot ; pref. de A. Malraux ; tr. por A. del Hoyo. |
| 250 | |a 2a edición | ||
| 264 | 4 | |a Madrid, España : |b Aguilar, |c 1961, c1961 | |
| 300 | |a XLIX, 392 p. | ||
| 336 | |a texto |b txt |2 rdacontenido | ||
| 337 | |a sin mediación |b n |2 rdamedio | ||
| 338 | |a volumen |b nc |2 rdasoporte | ||
| 440 | 4 | |a (El Universo de las Formas) | |
| 520 | |a El universo de las formas es una colección publicada por editorial Aguilar en veintiocho volúmenes, incompleta en biblioteca, que trata sobre las características y esplendor de las expresiones artísticas en diferentes lugares del mundo y en épocas históricas distintas. Cada uno viene ilustrado en su mayoría con láminas en blanco y negro, y en menor medida a color. El número de volumen es asignado según fueron clasificándose. | ||
| 520 | |a Obra en torno al arte de los sumerios, pueblo que conjuntamente con los asirios poblaron la zona que fue conocida como Mesopotamia. Se trata de un arte apenas descubierto a principios del siglo XX. | ||
| 649 | |a XX | ||
| 650 | |a Arte Sumerio - |x Historia y Crítica - |x Tema Principal | ||
| 650 | |a Arte Mesopotámico - |x Historia y Crítica | ||
| 650 | |a Irak - |x Historia - |y Sumerios, 3500-1400 a.C | ||
| 650 | |a Irak - |x Historia - |y Sumerios, 1400-539 a.C | ||
| 700 | |a Malraux, André |e (prefacio) | ||
| 700 | |a Hoyo, Arturo del |e (traducción) | ||
| 910 | |a Fondo Jesús Rodríguez | ||
| 920 | |a Impresos - Libros | ||
| 930 | |a Fondos Especiales | ||
| 905 | |a 113 | ||
| 901 | |a 0500039019 |b IT2 |c ESP |u 20250521 | ||
| 902 | |a https://opac.biblio.iteso.mx/vufind/Record/000102995 | ||